01287cam a22002895i 4500003000900000005001700009008004100026020001800067040004300085082002100128100004800149245025900197264003800456264001000494300004700504336002600551337002800577338002700605504005100632650003300683653002400716655001700740700003900757942001200796999001700808952017200825EG-ScBUE20260308093053.0080709t2009 nyua frb 001 0 eng d a9780387848693 aEG-ScBUEbengerdacEG-ScBUEdEG-ScBUE04a570.285bMAT2221 aMathura, Venkatarajan Subramanian,eauthor.10aBioinformatics :ba concept-based introduction /cVenkatarajan Subramanian Mathura, Ph.D., bioinformatics scientist, Roskamp Institute, Sarasota, Florida, USA, and Pandjassarame Kangueane, Ph.D., managing director, Biomed-Informatics, Pondicherry, India. 1aNew York, NY :bSpringer,c[2009] 4cc2009 axviii, 184 pages :billustrations ;c24 cm 2rdacontentatextbtxt aunmediated2rdamediabn avolumebnc2rdacarrier aIncludes bibliographical references and index. 7aBioinformatics.2BUEsh95545 bCOMSCIcJanuary2017 vReading book1 aKangueane, Pandjassarame,eauthor. 2ddccBB c23838d23810 00102ddc40708Scien. H.aMAINbMAINc1STd2017-01-04ePurchaseg780.00h2691l4m63o570.285 BIOp000040755r2025-10-02 00:00:00s2024-02-26v975.00w2017-01-04yBB